000 nam a22 7a 4500
999 _c7695
_d7695
008 170928b xxu||||| |||| 00| 0 eng d
100 _94182
_aKheterpal.etal
245 _aChemistry-XII
260 _aNew Delhi
_bPradeep
_c2009